000 00780nam a2200193Ia 4500
003 GCL
008 140319s9999 xx 000 0 ara d
040 _aGCL /
_cGCL
082 0 4 _aط
_b239.9
_bد أ
100 1 _aدرويش الزفتاوى
245 1 0 _aالحسن بن على: سيد شباب اهل الجنة, الحسين بن على: ريحانة النبى (ص) /
_cدرويش الزفتاوى
300 _a34 ص
490 _aرجال احبهم الرسول صلى اللة عليه و سلم
_v0
650 0 4 _aالاطفال
650 0 4 _aالحسن بن على: ابومحمد الحسن بن على بن ابى طالب بن هاشم بن عبد مناف
650 0 4 _aالحسين بن على
650 0 4 _aالصحابة والتابعون
942 _2ddc
_cBK
999 _c51146
_d51146